Statistics for Countries by Most Forested Area

Click here to take the quiz!

General Stats

  • This quiz has been taken 27 times
  • The average score is 9 of 10

Answer Stats

AreaAnswer% Correct
496 620Brazil
100%
346 928Canada
100%
815 312Russia
100%
309 795United States
100%
219 978China
96%
126 155Democratic Republic of the Congo
96%
72 160India
92%
92 133Indonesia
92%
134 005Australia
85%
72 330Peru
85%

Score Distribution

Percentile by Number Answered

Percent of People with Each Score

Your Score History

You have not taken this quiz